| Tag |
First Indicator |
Second Indicator |
Subfields |
| LEADER |
00000cam a2200000 a 4500 |
| 001 |
in00000001792 |
| 005 |
20151007050642.0 |
| 008 |
980723s1998 dcua b f000 0 eng |
| 010 |
|
|
|a 98038631
|
| 020 |
|
|
|a 0160496977 :
|c $43.00
|
| 035 |
|
|
|a (OCoLC)39624812
|
| 035 |
|
|
|9 AJC5057AM
|
| 037 |
|
|
|a 008-070-00741-0
|b GPO
|
| 040 |
|
|
|d GPO
|d DLC
|d MvI
|d UtOrBLW
|
| 043 |
|
|
|a n-us---
|
| 049 |
|
|
|a UDOC
|
| 050 |
0 |
0 |
|a UC333
|b .H3797 1998
|
| 074 |
|
|
|a 0422-M-01
|
| 082 |
0 |
0 |
|a 363.34/8/0973
|2 21
|
| 086 |
0 |
|
|a D 301.82/5:H 88
|
| 100 |
1 |
|
|a Haulman, Daniel L.
|q (Daniel Lee),
|d 1949-
|
| 245 |
1 |
4 |
|a The United States Air Force and humanitarian airlift operations, 1947-1994 /
|c by Daniel L. Haulman.
|
| 246 |
1 |
4 |
|a Humanitarian airlift operations, 1947-1994
|
| 264 |
|
1 |
|a Washington, D.C. :
|b Air Force History and Museums Program :
|c 1998.
|
| 264 |
|
2 |
|a Washington, D.C. :
|b For sale by the U.S. G.P.O., Supt. of Docs.,
|
| 300 |
|
|
|a xiii, 535 pages :
|b illustrations ;
|c 25 cm.
|
| 336 |
|
|
|a text
|b txt
|2 rdacontent
|
| 337 |
|
|
|a unmediated
|b n
|2 rdamedia
|
| 338 |
|
|
|a volume
|b nc
|2 rdacarrier
|
| 490 |
1 |
|
|a Reference series
|
| 500 |
|
|
|a Shipping list number: 99-0002-S.
|
| 504 |
|
|
|a Includes bibliographical references (page 535).
|
| 650 |
|
0 |
|a Airlift, Military
|z United States
|x History.
|
| 650 |
|
0 |
|a Humanitarian assistance, American
|x History.
|
| 610 |
1 |
0 |
|a United States.
|b Air Force
|x Operations other than war.
|
| 710 |
2 |
|
|a Air Force History and Museums Program (U.S.)
|
| 830 |
|
0 |
|a Reference series (Air Force History and Museums Program (U.S.))
|
| 999 |
|
|
|a MARS
|
| 999 |
f |
f |
|s 11dc7588-2d33-3b8d-834c-e1343276eb2d
|i 257bf677-c38c-36a3-9cb2-f6d8f3cd0d30
|t 0
|
| 952 |
f |
f |
|p normal
|a Texas A&M University
|b College Station
|c Sterling C. Evans Library
|d Evans: US Documents (Annex 5th floor)
|t 0
|e D 301.82/5:H 88
|h Superintendent of Documents classification
|i unmediated -- volume
|m A14824399135
|
| 998 |
f |
f |
|a D 301.82/5:H 88
|t 0
|l Evans: US Documents (Annex 5th floor)
|